[Event "D18blitz"]
[Site "?"]
[Date "2020.08.27"]
[Round "6.2"]
[White "Kalinowska, Zuzanna"]
[Black "Jarocka, Liwia"]
[Result "1-0"]
[BlackElo "1828"]
[WhiteElo "1798"]
[LiveChessVersion "1.4.4"]

1. d4 {[%clk 0:03:03]} Nf6 {[%clk 0:03:04]} 2. c4 {[%clk 0:03:04]} e6
{[%clk 0:03:05]} 3. Nc3 {[%clk 0:03:05]} Bb4 {[%clk 0:03:06]} 4. e3
{[%clk 0:03:06]} d5 {[%clk 0:03:06]} 5. Bd3 {[%clk 0:03:05]} O-O {[%clk 0:03:06]}
6. Nge2 {[%clk 0:03:05]} c5 {[%clk 0:03:00]} 7. a3 {[%clk 0:03:01]} Bxc3+
{[%clk 0:03:00]} 8. bxc3 {[%clk 0:03:01]} dxc4 {[%clk 0:03:00]} 9. Bxc4
{[%clk 0:03:01]} b6 {[%clk 0:03:00]} 10. O-O {[%clk 0:02:58]} cxd4
{[%clk 0:02:57]} 11. cxd4 {[%clk 0:02:55]} Bb7 {[%clk 0:02:58]} 12. Bb2
{[%clk 0:02:50]} Nc6 {[%clk 0:02:59]} 13. f3 {[%clk 0:02:46]} Na5
{[%clk 0:02:52]} 14. Ba2 {[%clk 0:02:30]} Rc8 {[%clk 0:02:53]} 15. Rc1
{[%clk 0:02:29]} Ba6 {[%clk 0:02:36]} 16. Qd2 {[%clk 0:02:06]} Bc4
{[%clk 0:02:19]} 17. Bc3 {[%clk 0:01:55]} Bxa2 {[%clk 0:02:12]} 18. Qxa2
{[%clk 0:01:56]} Nc4 {[%clk 0:02:08]} 19. Bd2 {[%clk 0:01:34]} b5
{[%clk 0:01:43]} 20. e4 {[%clk 0:01:15]} Qb6 {[%clk 0:01:44]} 21. Bb4
{[%clk 0:01:11]} Rfd8 {[%clk 0:01:29]} 22. Bc5 {[%clk 0:01:05]} Qa6
{[%clk 0:01:11]} 23. Rc3 {[%clk 0:00:47]} e5 {[%clk 0:01:03]} 24. Be7
{[%clk 0:00:35]} exd4 {[%clk 0:00:56]} 25. Bxd8 {[%clk 0:00:31]} dxc3
{[%clk 0:00:55]} 26. Bxf6 {[%clk 0:00:24]} Qxf6 {[%clk 0:00:56]} 27. Rc1
{[%clk 0:00:17]} Qb6+ {[%clk 0:00:40]} 28. Kh1 {[%clk 0:00:17]} Nd6
{[%clk 0:00:11]} 29. Qb3 {[%clk 0:00:07]} Qe3 {[%clk 0:00:07]} 30. Qc2
{[%clk 0:00:05]} h6 {[%clk 0:00:07]} 31. h3 {[%clk 0:00:04]} a5 {[%clk 0:00:08]}
32. Qd1 {[%clk 0:00:04]} Qb6 {[%clk 0:00:04]} 33. Qd3 {[%clk 0:00:05]} b4
{[%clk 0:00:05]} 34. axb4 {[%clk 0:00:03]} axb4 {[%clk 0:00:06]} 35. Qc2
{[%clk 0:00:03]} b3 {[%clk 0:00:07]} 36. Qd3 {[%clk 0:00:04]} b2 {[%clk 0:00:09]}
37. Rb1 {[%clk 0:00:04]} c2 {[%clk 0:00:10]} 1-0

[Event "D18blitz"]
[Site "?"]
[Date "2020.08.27"]
[Round "6.3"]
[White "Kulpa, Zuzanna"]
[Black "Vanduyfhuys, Daria"]
[Result "1-0"]
[BlackElo "1844"]
[WhiteElo "1490"]
[LiveChessVersion "1.4.4"]

1. d4 {[%clk 0:03:03]} d5 {[%clk 0:03:04]} 2. c4 {[%clk 0:03:04]} e6
{[%clk 0:03:05]} 3. Nc3 {[%clk 0:03:04]} Nf6 {[%clk 0:03:06]} 4. Nf3
{[%clk 0:03:05]} Be7 {[%clk 0:03:07]} 5. Bg5 {[%clk 0:03:05]} O-O
{[%clk 0:03:07]} 6. e3 {[%clk 0:03:06]} c6 {[%clk 0:03:08]} 7. Be2
{[%clk 0:03:02]} Nbd7 {[%clk 0:03:09]} 8. O-O {[%clk 0:02:57]} dxc4
{[%clk 0:03:08]} 9. a4 {[%clk 0:02:56]} Nd5 {[%clk 0:03:02]} 10. Bxe7
{[%clk 0:02:49]} Qxe7 {[%clk 0:03:02]} 11. Bxc4 {[%clk 0:02:50]} N5b6
{[%clk 0:02:22]} 12. Bd3 {[%clk 0:02:45]} a5 {[%clk 0:02:12]} 13. Bc2
{[%clk 0:02:35]} e5 {[%clk 0:02:11]} 14. Qd3 {[%clk 0:02:30]} g6 {[%clk 0:02:10]}
15. d5 {[%clk 0:02:06]} Nc5 {[%clk 0:01:46]} 16. d6 {[%clk 0:01:56]} Qe6
{[%clk 0:01:35]} 17. Qd2 {[%clk 0:01:33]} Nc4 {[%clk 0:01:32]} 18. Qc1
{[%clk 0:01:31]} Nxd6 {[%clk 0:01:30]} 19. Rd1 {[%clk 0:01:26]} b6
{[%clk 0:01:29]} 20. Ng5 {[%clk 0:01:17]} Qe7 {[%clk 0:01:28]} 21. Nge4
{[%clk 0:01:16]} Ndxe4 {[%clk 0:01:19]} 22. Nxe4 {[%clk 0:01:17]} Bb7
{[%clk 0:01:11]} 23. Ra3 {[%clk 0:00:50]} Rad8 {[%clk 0:01:11]} 24. Rxd8
{[%clk 0:00:35]} Rxd8 {[%clk 0:01:12]} 25. Bb1 {[%clk 0:00:37]} Na6
{[%clk 0:00:58]} 26. Rd3 {[%clk 0:00:30]} Nb4 {[%clk 0:00:58]} 27. Rd2
{[%clk 0:00:22]} Rd5 {[%clk 0:00:44]} 28. Nc3 {[%clk 0:00:19]} Rd7
{[%clk 0:00:35]} 29. Qd1 {[%clk 0:00:17]} Bc8 {[%clk 0:00:36]} 30. Ne4
{[%clk 0:00:11]} f5 {[%clk 0:00:31]} 31. Rxd7 {[%clk 0:00:11]} Bxd7
{[%clk 0:00:28]} 32. Qxd7 {[%clk 0:00:11]} Qxd7 {[%clk 0:00:15]} 33. Nf6+
{[%clk 0:00:12]} Kf7 {[%clk 0:00:17]} 34. Nxd7 {[%clk 0:00:13]} Nd5
{[%clk 0:00:18]} 35. Nxe5+ {[%clk 0:00:13]} Ke6 {[%clk 0:00:18]} 36. Nxc6
{[%clk 0:00:14]} Kd6 {[%clk 0:00:18]} 37. Nd4 {[%clk 0:00:14]} Nb4
{[%clk 0:00:19]} 38. Kf1 {[%clk 0:00:14]} Kd5 {[%clk 0:00:17]} 39. Ke2
{[%clk 0:00:14]} Ke5 {[%clk 0:00:17]} 40. f4+ {[%clk 0:00:14]} Kd5
{[%clk 0:00:19]} 41. Bd3 {[%clk 0:00:15]} Kc5 {[%clk 0:00:14]} 42. Bb5
{[%clk 0:00:11]} Kd5 {[%clk 0:00:15]} 43. Be8 {[%clk 0:00:11]} Kd6
{[%clk 0:00:10]} 44. Bf7 {[%clk 0:00:11]} Ke7 {[%clk 0:00:07]} 45. Bg8
{[%clk 0:00:05]} h6 {[%clk 0:00:08]} 46. Bb3 {[%clk 0:00:05]} Kf6
{[%clk 0:00:09]} 47. Kd2 {[%clk 0:00:05]} g5 {[%clk 0:00:10]} 48. g3
{[%clk 0:00:06]} g4 {[%clk 0:00:06]} 49. Bc4 {[%clk 0:00:06]} h5 {[%clk 0:00:06]}
50. Bb5 {[%clk 0:00:06]} Nd5 {[%clk 0:00:05]} 51. Bd7 {[%clk 0:00:05]} Ne7
{[%clk 0:00:07]} 52. Kd3 {[%clk 0:00:06]} Ng6 {[%clk 0:00:04]} 53. Bxf5
{[%clk 0:00:06]} Ne7 {[%clk 0:00:05]} 54. Bd7 {[%clk 0:00:07]} Nd5
{[%clk 0:00:06]} 55. Be8 {[%clk 0:00:07]} Nb4+ {[%clk 0:00:07]} 56. Ke2
{[%clk 0:00:07]} Ke7 {[%clk 0:00:06]} 57. Bxh5 {[%clk 0:00:07]} Nd5
{[%clk 0:00:07]} 58. Bxg4 {[%clk 0:00:08]} Nc7 {[%clk 0:00:05]} 59. h4
{[%clk 0:00:08]} Na6 {[%clk 0:00:07]} 60. h5 {[%clk 0:00:08]} Nc5
{[%clk 0:00:08]} 61. h6 {[%clk 0:00:08]} Kf7 {[%clk 0:00:08]} 62. h7
{[%clk 0:00:06]} Kg7 {[%clk 0:00:09]} 63. Bf5 {[%clk 0:00:07]} Nxa4
{[%clk 0:00:10]} 64. b3 {[%clk 0:00:07]} Nc5 {[%clk 0:00:12]} 65. Bb1
{[%clk 0:00:07]} b5 {[%clk 0:00:12]} 66. Nxb5 {[%clk 0:00:08]} Nxb3
{[%clk 0:00:12]} 67. g4 {[%clk 0:00:07]} Nc5 {[%clk 0:00:13]} 68. g5
{[%clk 0:00:07]} a4 {[%clk 0:00:14]} 69. g6 {[%clk 0:00:07]} Ne6 {[%clk 0:00:11]}
70. Bc2 {[%clk 0:00:07]} Nf8 {[%clk 0:00:10]} 71. f5 {[%clk 0:00:07]} Nd7
{[%clk 0:00:07]} 72. f6+ {[%clk 0:00:07]} Nxf6 {[%clk 0:00:08]} 73. Bxa4
{[%clk 0:00:05]} Nd7 {[%clk 0:00:04]} 74. Bc2 {[%clk 0:00:06]} Ne5
{[%clk 0:00:05]} 75. Nd6 {[%clk 0:00:06]} Nd7 {[%clk 0:00:05]} 76. Nf5+
{[%clk 0:00:07]} Kh8 {[%clk 0:00:05]} 77. g7+ {[%clk 0:00:06]} Kxh7
{[%clk 0:00:06]} 78. e4 {[%clk 0:00:05]} Kg8 {[%clk 0:00:07]} 79. Kf3
{[%clk 0:00:06]} Kf7 {[%clk 0:00:08]} 80. Kf4 {[%clk 0:00:07]} Nf6
{[%clk 0:00:09]} 81. e5 {[%clk 0:00:07]} Nd5+ {[%clk 0:00:10]} 82. Kg5
{[%clk 0:00:07]} Nc7 {[%clk 0:00:09]} 83. Bb3+ {[%clk 0:00:07]} 1-0

[Event "D18blitz"]
[Site "?"]
[Date "2020.08.27"]
[Round "6.4"]
[White "Rudzinska, Michalina"]
[Black "Czarniecka, Aleksandra"]
[Result "1-0"]
[BlackElo "1758"]
[WhiteElo "1804"]
[LiveChessVersion "1.4.4"]

1. e4 {[%clk 0:03:03]} c5 2. Nf3 d6 {[%clk 0:03:05]} 3. d4 {[%clk 0:03:05]} cxd4
4. Nxd4 Nf6 {[%clk 0:03:08]} 5. Nc3 e6 6. Be3 {[%clk 0:02:58]} Be7
{[%clk 0:03:10]} 7. f3 {[%clk 0:02:59]} Nc6 {[%clk 0:03:11]} 8. Qd2
{[%clk 0:03:00]} O-O {[%clk 0:03:12]} 9. O-O-O {[%clk 0:03:00]} d5
{[%clk 0:03:13]} 10. exd5 {[%clk 0:02:45]} Nxd5 {[%clk 0:03:14]} 11. Nxd5
{[%clk 0:02:34]} Qxd5 {[%clk 0:03:15]} 12. Nxc6 {[%clk 0:02:16]} Qxc6
{[%clk 0:03:16]} 13. Bd3 {[%clk 0:02:11]} e5 {[%clk 0:03:14]} 14. Be4
{[%clk 0:01:58]} Qc7 {[%clk 0:03:15]} 15. Kb1 {[%clk 0:01:46]} Be6
{[%clk 0:03:15]} 16. g4 {[%clk 0:01:41]} Rfd8 {[%clk 0:03:12]} 17. Qf2
{[%clk 0:01:39]} f6 {[%clk 0:03:11]} 18. Qg2 {[%clk 0:01:19]} Qc4
{[%clk 0:03:09]} 19. b3 {[%clk 0:01:16]} Qc3 {[%clk 0:03:07]} 20. Bd2
{[%clk 0:01:11]} Qc7 {[%clk 0:03:02]} 21. Bc1 {[%clk 0:01:09]} a5
{[%clk 0:03:02]} 22. Qh3 {[%clk 0:01:04]} g6 {[%clk 0:02:52]} 23. Qg2
{[%clk 0:00:53]} a4 {[%clk 0:02:52]} 24. h4 {[%clk 0:00:48]} axb3
{[%clk 0:02:53]} 25. cxb3 {[%clk 0:00:48]} Ba3 {[%clk 0:02:33]} 26. Bxa3
{[%clk 0:00:44]} Rxa3 {[%clk 0:02:34]} 27. Rxd8+ {[%clk 0:00:42]} Qxd8
{[%clk 0:02:35]} 28. Qc2 {[%clk 0:00:42]} Qb6 {[%clk 0:02:08]} 29. Rd1
{[%clk 0:00:20]} Ra8 {[%clk 0:01:50]} 30. h5 {[%clk 0:00:15]} Bf7
{[%clk 0:01:44]} 31. hxg6 {[%clk 0:00:15]} hxg6 {[%clk 0:01:34]} 32. Bxg6
{[%clk 0:00:16]} Rd8 {[%clk 0:01:21]} 33. Bxf7+ {[%clk 0:00:12]} Kxf7
{[%clk 0:01:18]} 34. Qh7+ {[%clk 0:00:11]} Ke6 {[%clk 0:01:13]} 35. Qf5+
{[%clk 0:00:11]} Ke7 {[%clk 0:01:06]} 36. Rh1 {[%clk 0:00:09]} Rf8
{[%clk 0:00:45]} 37. g5 {[%clk 0:00:08]} Qe6 {[%clk 0:00:15]} 38. Rh7+ Rf7 39.
Rxf7+ {[%clk 0:00:08]} Qxf7 {[%clk 0:00:16]} 40. gxf6+ {[%clk 0:00:06]} Qxf6 41.
Qxf6+ Kxf6 42. Kc2 Kf5 43. Kd3 Kf4 44. Ke2 e4 45. fxe4 Kxe4 {[%clk 0:00:23]} 46.
Kd2 Kd4 47. Kc2 {[%clk 0:00:11]} b5 {[%clk 0:00:25]} 48. a3 {[%clk 0:00:11]} Kc5
49. Kc3 Kb6 {[%clk 0:00:17]} 50. Kb4 {[%clk 0:00:13]} Kc6 {[%clk 0:00:16]} 51.
Ka5 {[%clk 0:00:14]} Kc5 {[%clk 0:00:17]} 52. b4+ {[%clk 0:00:14]} Kc6
{[%clk 0:00:13]} 53. Ka6 {[%clk 0:00:15]} Kd5 1-0

[Event "D18blitz"]
[Site "?"]
[Date "2020.08.27"]
[Round "6.5"]
[White "Kucharska, Honorata"]
[Black "Giefert, Sara"]
[Result "1-0"]
[BlackElo "1298"]
[WhiteElo "2038"]
[LiveChessVersion "1.4.4"]

1. d4 {[%clk 0:03:04]} Nf6 {[%clk 0:03:03]} 2. Nf3 {[%clk 0:03:05]} d6
{[%clk 0:03:04]} 3. c4 {[%clk 0:03:03]} g6 {[%clk 0:03:05]} 4. Nc3
{[%clk 0:03:04]} Bg7 {[%clk 0:03:06]} 5. g3 {[%clk 0:03:05]} Nbd7
{[%clk 0:03:07]} 6. Bg2 {[%clk 0:03:06]} O-O {[%clk 0:03:07]} 7. O-O
{[%clk 0:03:07]} e5 {[%clk 0:03:08]} 8. dxe5 {[%clk 0:03:08]} dxe5
{[%clk 0:03:09]} 9. Qc2 {[%clk 0:03:09]} c6 {[%clk 0:03:10]} 10. e4
{[%clk 0:03:10]} Qc7 {[%clk 0:03:11]} 11. b4 {[%clk 0:03:07]} a5 {[%clk 0:03:12]}
12. Ba3 {[%clk 0:02:56]} Rd8 {[%clk 0:02:48]} 13. b5 {[%clk 0:02:49]} Nf8
{[%clk 0:02:42]} 14. Rab1 {[%clk 0:02:39]} b6 {[%clk 0:02:35]} 15. bxc6
{[%clk 0:02:36]} Qxc6 {[%clk 0:02:35]} 16. Nd5 {[%clk 0:02:35]} Nxd5
{[%clk 0:02:26]} 17. exd5 {[%clk 0:02:36]} Qc7 {[%clk 0:02:12]} 18. d6
{[%clk 0:02:25]} Qa7 {[%clk 0:02:05]} 19. Ng5 {[%clk 0:02:16]} Bf5
{[%clk 0:01:59]} 20. Be4 {[%clk 0:02:13]} Bxe4 {[%clk 0:01:58]} 21. Qxe4
{[%clk 0:02:12]} Rac8 {[%clk 0:01:55]} 22. Rfd1 {[%clk 0:02:09]} h6
{[%clk 0:01:54]} 23. Nf3 {[%clk 0:02:09]} Nd7 {[%clk 0:01:29]} 24. Rd5
{[%clk 0:01:39]} Nf6 {[%clk 0:01:22]} 25. Qxe5 {[%clk 0:01:38]} Nxd5
{[%clk 0:01:20]} 26. Qxd5 {[%clk 0:01:39]} Qd7 {[%clk 0:01:18]} 27. Rxb6
{[%clk 0:01:36]} Qa4 {[%clk 0:01:10]} 28. Bc5 {[%clk 0:01:21]} Qc2
{[%clk 0:01:08]} 29. Rb7 {[%clk 0:01:16]} Qc1+ {[%clk 0:00:19]} 30. Kg2
{[%clk 0:01:13]} Rf8 {[%clk 0:00:16]} 31. d7 {[%clk 0:01:12]} Rcd8
{[%clk 0:00:16]} 32. Bxf8 {[%clk 0:01:12]} Bxf8 {[%clk 0:00:17]} 33. Ne5
{[%clk 0:01:10]} 1-0

[Event "D18blitz"]
[Site "?"]
[Date "2020.08.27"]
[Round "6.6"]
[White "Swiech, Joanna"]
[Black "Sowa, Wiktoria"]
[Result "0-1"]
[BlackElo "1802"]
[WhiteElo "1664"]
[LiveChessVersion "1.4.4"]

1. d4 Nf6 2. c4 {[%clk 0:03:04]} c5 {[%clk 0:03:05]} 3. d5 e6 4. Nc3
{[%clk 0:03:05]} exd5 {[%clk 0:03:08]} 5. cxd5 {[%clk 0:03:06]} d6
{[%clk 0:03:10]} 6. e4 {[%clk 0:03:03]} g6 {[%clk 0:03:11]} 7. Bd3
{[%clk 0:03:03]} Bg7 {[%clk 0:03:13]} 8. Nf3 {[%clk 0:02:58]} a6 {[%clk 0:03:14]}
9. a4 {[%clk 0:02:59]} O-O {[%clk 0:03:15]} 10. O-O {[%clk 0:02:59]} Bg4
{[%clk 0:03:14]} 11. h3 {[%clk 0:02:59]} Bxf3 {[%clk 0:03:14]} 12. Qxf3
{[%clk 0:02:59]} Nbd7 {[%clk 0:03:15]} 13. Qe2 {[%clk 0:02:56]} Qc7
{[%clk 0:03:16]} 14. Bd2 {[%clk 0:02:43]} Rfc8 {[%clk 0:03:17]} 15. b3
{[%clk 0:02:34]} Re8 {[%clk 0:03:13]} 16. Rab1 {[%clk 0:01:55]} Rab8
{[%clk 0:03:13]} 17. f4 {[%clk 0:01:39]} Nh5 {[%clk 0:03:12]} 18. Be1
{[%clk 0:01:01]} Bd4+ {[%clk 0:03:09]} 19. Kh2 {[%clk 0:00:56]} Qd8
{[%clk 0:03:05]} 20. g4 {[%clk 0:00:53]} Ng7 {[%clk 0:02:59]} 21. Qf3
{[%clk 0:00:49]} Nf6 {[%clk 0:02:49]} 22. Ne2 {[%clk 0:00:48]} b5
{[%clk 0:02:31]} 23. Nxd4 {[%clk 0:00:49]} cxd4 {[%clk 0:02:32]} 24. axb5
{[%clk 0:00:49]} axb5 {[%clk 0:02:33]} 25. Bh4 {[%clk 0:00:49]} Ra8
{[%clk 0:01:33]} 26. f5 {[%clk 0:00:45]} Ra2+ {[%clk 0:01:20]} 27. Kh1
{[%clk 0:00:45]} Qa5 {[%clk 0:00:21]} 28. Bxf6 {[%clk 0:00:31]} Qd2
{[%clk 0:00:23]} 29. Qg3 {[%clk 0:00:30]} Rc8 {[%clk 0:00:12]} 30. fxg6
{[%clk 0:00:30]} hxg6 {[%clk 0:00:12]} 31. Bh4 {[%clk 0:00:28]} Rc3
{[%clk 0:00:06]} 32. Rfd1 {[%clk 0:00:26]} Qh6 {[%clk 0:00:03]} 33. g5
{[%clk 0:00:25]} Qh5 {[%clk 0:00:04]} 34. Qf2 {[%clk 0:00:25]} Rxf2
{[%clk 0:00:03]} 35. Bxf2 {[%clk 0:00:24]} Qf3+ {[%clk 0:00:04]} 36. Kg1
{[%clk 0:00:22]} Rxd3 {[%clk 0:00:05]} 0-1

[Event "D18blitz"]
[Site "?"]
[Date "2020.08.27"]
[Round "7.1"]
[White "Malicka, Maria"]
[Black "Rudzinska, Michalina"]
[Result "0-1"]
[BlackElo "1804"]
[WhiteElo "1818"]
[LiveChessVersion "1.4.4"]

1. e4 c5 2. Nf3 e6 3. d4 cxd4 4. Nxd4 a6 5. c4 Nf6 6. Nc3 Bb4 7. Qd3 Qc7 8. a3
Bxc3+ 9. Qxc3 d6 10. Bd3 e5 11. Nc2 Be6 12. Bg5 Nbd7 13. Ne3 O-O 14. O-O Rac8 15.
Rac1 Qb8 16. Qd2 b5 17. cxb5 axb5 18. Bxf6 Nxf6 19. Qb4 Bd7 20. f3 Qb6 21. Rfe1
Rxc1 22. Kf2 Rxe1 23. Qxe1 d5 24. Kg3 dxe4 25. fxe4 Be6 26. Qe2 Rd8 27. Nc2 Nh5+
28. Qxh5 Rxd3+ 29. Kh4 Qd8+ 0-1

[Event "D18blitz"]
[Site "?"]
[Date "2020.08.27"]
[Round "7.2"]
[White "Jarocka, Liwia"]
[Black "Kulpa, Zuzanna"]
[Result "1/2-1/2"]
[BlackElo "1490"]
[WhiteElo "1828"]
[LiveChessVersion "1.4.4"]

1. d4 {[%clk 0:03:04]} d5 {[%clk 0:03:03]} 2. Bf4 {[%clk 0:03:04]} Nf6
{[%clk 0:03:03]} 3. e3 {[%clk 0:03:05]} c5 {[%clk 0:03:04]} 4. Nf3
{[%clk 0:03:04]} cxd4 {[%clk 0:03:03]} 5. exd4 {[%clk 0:03:05]} Nc6
{[%clk 0:03:04]} 6. c3 {[%clk 0:03:02]} Bg4 {[%clk 0:02:57]} 7. h3
{[%clk 0:02:58]} Bh5 {[%clk 0:02:57]} 8. Nbd2 {[%clk 0:02:56]} e6
{[%clk 0:02:58]} 9. Bd3 {[%clk 0:02:55]} Bd6 {[%clk 0:02:55]} 10. Bxd6
{[%clk 0:02:46]} Qxd6 {[%clk 0:02:56]} 11. O-O {[%clk 0:02:45]} O-O
{[%clk 0:02:50]} 12. Re1 {[%clk 0:02:43]} a6 {[%clk 0:02:48]} 13. Rc1
{[%clk 0:02:39]} b5 {[%clk 0:02:45]} 14. Qc2 {[%clk 0:02:40]} Bg6
{[%clk 0:02:41]} 15. Ne5 {[%clk 0:02:38]} Na5 {[%clk 0:02:41]} 16. Nxg6 hxg6
{[%clk 0:02:41]} 17. Nf3 {[%clk 0:02:34]} Nc4 {[%clk 0:02:36]} 18. Ne5
{[%clk 0:02:19]} Nd7 {[%clk 0:02:22]} 19. Nxd7 {[%clk 0:01:39]} Qxd7 20. b3 Nd6
{[%clk 0:02:15]} 21. Qd2 {[%clk 0:01:25]} Rac8 {[%clk 0:02:08]} 22. h4
{[%clk 0:01:26]} Qe7 {[%clk 0:01:58]} 23. g3 {[%clk 0:01:09]} Rc7
{[%clk 0:01:52]} 24. Bb1 {[%clk 0:00:58]} Rfc8 {[%clk 0:01:50]} 25. Kg2
{[%clk 0:00:59]} Qf6 {[%clk 0:01:35]} 26. Rh1 {[%clk 0:00:42]} Ne4
{[%clk 0:01:25]} 27. Bxe4 {[%clk 0:00:43]} dxe4 {[%clk 0:01:27]} 28. Qe3
{[%clk 0:00:19]} Qf3+ {[%clk 0:01:26]} 29. Qxf3 {[%clk 0:00:20]} exf3+
{[%clk 0:01:27]} 30. Kxf3 {[%clk 0:00:21]} Rxc3+ {[%clk 0:01:28]} 31. Rxc3
{[%clk 0:00:23]} Rxc3+ {[%clk 0:01:28]} 32. Ke4 {[%clk 0:00:17]} Rc2
{[%clk 0:01:26]} 33. a4 {[%clk 0:00:10]} bxa4 {[%clk 0:01:15]} 34. bxa4
{[%clk 0:00:11]} Ra2 {[%clk 0:01:14]} 35. f4 {[%clk 0:00:11]} Rxa4
{[%clk 0:01:14]} 36. Rb1 {[%clk 0:00:10]} Kf8 {[%clk 0:01:14]} 37. Rb7
{[%clk 0:00:11]} Ra1 {[%clk 0:01:02]} 38. Ra7 {[%clk 0:00:10]} a5
{[%clk 0:01:02]} 39. Ke5 {[%clk 0:00:11]} a4 {[%clk 0:00:56]} 40. Kd6
{[%clk 0:00:10]} Kg8 {[%clk 0:00:54]} 41. Ke7 {[%clk 0:00:08]} a3
{[%clk 0:00:42]} 42. Ra8+ {[%clk 0:00:09]} Kh7 {[%clk 0:00:43]} 43. Kxf7
{[%clk 0:00:10]} a2 {[%clk 0:00:44]} 44. Ke7 {[%clk 0:00:10]} 1/2-1/2

[Event "D18blitz"]
[Site "?"]
[Date "2020.08.27"]
[Round "7.3"]
[White "Furtak, Joanna"]
[Black "Kucharska, Honorata"]
[Result "1-0"]
[BlackElo "2038"]
[WhiteElo "1698"]
[LiveChessVersion "1.4.4"]

1. e4 {[%clk 0:03:02]} e6 {[%clk 0:03:04]} 2. d4 {[%clk 0:03:03]} d5
{[%clk 0:03:05]} 3. e5 {[%clk 0:03:04]} c5 {[%clk 0:03:06]} 4. c3
{[%clk 0:03:06]} Nc6 {[%clk 0:03:07]} 5. Nf3 {[%clk 0:03:07]} Bd7
{[%clk 0:03:07]} 6. Bd3 {[%clk 0:02:57]} cxd4 {[%clk 0:03:08]} 7. cxd4
{[%clk 0:02:58]} Qb6 {[%clk 0:03:09]} 8. Be2 {[%clk 0:02:26]} Nge7
{[%clk 0:02:53]} 9. Na3 {[%clk 0:02:19]} Nf5 {[%clk 0:02:52]} 10. Nc2
{[%clk 0:02:20]} Be7 {[%clk 0:02:53]} 11. O-O {[%clk 0:02:16]} Rc8
{[%clk 0:02:39]} 12. g4 {[%clk 0:01:39]} Nh6 {[%clk 0:02:15]} 13. h3
{[%clk 0:01:40]} Nb4 {[%clk 0:02:03]} 14. Nxb4 {[%clk 0:01:35]} Qxb4
{[%clk 0:01:56]} 15. a3 {[%clk 0:01:06]} Qb6 {[%clk 0:01:57]} 16. Qd3
{[%clk 0:00:55]} a6 {[%clk 0:01:55]} 17. a4 {[%clk 0:00:39]} Bc6 {[%clk 0:01:36]}
18. b3 {[%clk 0:00:29]} Bb4 {[%clk 0:01:36]} 19. Bd2 {[%clk 0:00:28]} Ng8
{[%clk 0:01:31]} 20. a5 {[%clk 0:00:22]} Bb5 {[%clk 0:01:11]} 21. Qxb5+
{[%clk 0:00:12]} axb5 {[%clk 0:01:11]} 22. axb6 {[%clk 0:00:12]} Bxd2
{[%clk 0:01:12]} 23. Bxb5+ {[%clk 0:00:13]} Kd8 {[%clk 0:01:12]} 24. Nxd2
{[%clk 0:00:13]} Ne7 {[%clk 0:01:13]} 25. Rac1 {[%clk 0:00:14]} Nc6
{[%clk 0:01:12]} 26. Bxc6 {[%clk 0:00:15]} bxc6 {[%clk 0:01:13]} 27. Rc2
{[%clk 0:00:16]} Kd7 {[%clk 0:01:11]} 28. Rfc1 {[%clk 0:00:17]} h5
{[%clk 0:01:10]} 29. b4 {[%clk 0:00:17]} hxg4 {[%clk 0:01:10]} 30. hxg4
{[%clk 0:00:18]} f6 {[%clk 0:01:07]} 31. b5 {[%clk 0:00:18]} cxb5
{[%clk 0:01:08]} 32. Rxc8 {[%clk 0:00:17]} Rxc8 {[%clk 0:01:09]} 33. Rxc8
{[%clk 0:00:18]} Kxc8 {[%clk 0:01:10]} 34. exf6 {[%clk 0:00:19]} gxf6
{[%clk 0:01:11]} 35. f4 {[%clk 0:00:19]} Kb7 {[%clk 0:01:12]} 36. g5
{[%clk 0:00:20]} 1-0

[Event "D18blitz"]
[Site "?"]
[Date "2020.08.27"]
[Round "7.4"]
[White "Sowa, Wiktoria"]
[Black "Michalska, Aleksandra"]
[Result "0-1"]
[BlackElo "1688"]
[WhiteElo "1802"]
[LiveChessVersion "1.4.4"]

1. e4 e5 2. Nf3 Nc6 3. Bb5 g6 4. O-O Bg7 5. c3 Nge7 6. Re1 O-O 7. h3 d6 8. d4
exd4 9. cxd4 d5 10. e5 a6 11. Ba4 Bf5 12. Nc3 h6 13. Be3 Kh7 14. Qd2 Qd7 15. Rac1
b5 16. Bd1 b4 17. Na4 a5 18. Nc5 Qc8 19. Bf4 Nd8 20. Be2 Ne6 21. Be3 Nxc5 22.
Rxc5 c6 23. Rec1 {[%clk 0:02:37]} Qb7 24. Bf4 Be6 25. Bd3 Bf5 26. Bxf5 Nxf5
{[%clk 0:02:11]} 27. Rxc6 Rfc8 28. Rxc8 Rxc8 29. Rxc8 Qxc8 30. Qd3 Kg8 31. Qb5
Qd8 32. Qc6 Ne7 33. Qc5 Bf8 34. Qc1 g5 35. Be3 Ng6 36. Qc6 Ne7 37. Qc2 Ng6 38.
Qf5 Qb6 39. Qd7 Qe6 40. Qb5 Qc8 41. Qxa5 Qc4 42. Qb6 Qxa2 43. e6 Qb1+ 44. Kh2 Qf5
45. exf7+ {[%clk 0:00:44]} Qxf7 {[%clk 0:00:49]} 46. Ne5 Nxe5 47. dxe5
{[%clk 0:00:38]} Qf5 {[%clk 0:00:34]} 48. Qd4 {[%clk 0:00:35]} Qe6 49. f4 gxf4
50. Qxf4 Bg7 51. Bd4 Kh7 52. Qe3 Kg8 53. Qd3 Qe7 54. Qf5 Qf7 55. Qc8+ Qf8 56.
Qe6+ Qf7 57. Qc8+ Qf8 {[%clk 0:00:14]} 58. Qg4 Kh7 59. Qg3 Qf7 60. Qe3 Qe6 61.
Qd3+ Kg8 62. Qe3 {[%clk 0:00:13]} Kh7 {[%clk 0:00:14]} 63. Qd3+ {[%clk 0:00:13]}
Kg8 64. Qe3 Kh7 65. Qf4 Kg8 66. b3 Kh7 67. Qg3 Qf5 68. Qe3 Qe6 69. Qf4 Kg8 70.
Bb2 Kh7 71. Qe3 Kg8 72. Qd4 Kh7 73. g3 Qf5 74. Qxd5 Qc2+ 75. Qg2 Qxb3 76. Qe4+
Kg8 77. Qa8+ Kh7 78. Qe4+ Kg8 {[%clk 0:00:16]} 79. Bd4 {[%clk 0:00:09]} Qa2+
{[%clk 0:00:15]} 80. Qg2 {[%clk 0:00:09]} Qc4 {[%clk 0:00:15]} 81. Qa8+
{[%clk 0:00:09]} Kh7 82. Qe4+ Kg8 83. Qa8+ Kh7 84. Qe4+ Kg8 85. Qa8+ Kh7
{[%clk 0:00:21]} 86. Qe4+ Kg8 87. Qe3 {[%clk 0:00:08]} b3 88. Qe4 0-1

[Event "D18blitz"]
[Site "?"]
[Date "2020.08.27"]
[Round "7.5"]
[White "Vanduyfhuys, Daria"]
[Black "Czarniecka, Aleksandra"]
[Result "0-1"]
[BlackElo "1758"]
[WhiteElo "1844"]
[LiveChessVersion "1.4.4"]

1. d4 {[%clk 0:03:03]} Nf6 {[%clk 0:03:04]} 2. c4 {[%clk 0:03:05]} g6
{[%clk 0:03:05]} 3. Nf3 Bg7 4. Nc3 {[%clk 0:03:06]} O-O {[%clk 0:03:07]} 5. e4
{[%clk 0:03:07]} d6 {[%clk 0:03:09]} 6. Be2 {[%clk 0:03:08]} e5 {[%clk 0:03:09]}
7. O-O Nc6 8. d5 {[%clk 0:03:10]} Ne7 {[%clk 0:03:12]} 9. Bg5 {[%clk 0:03:08]}
Nh5 {[%clk 0:03:09]} 10. b4 {[%clk 0:02:52]} f6 {[%clk 0:03:08]} 11. Bd2
{[%clk 0:02:32]} Nf4 {[%clk 0:02:50]} 12. Re1 {[%clk 0:02:15]} f5
{[%clk 0:02:47]} 13. Bf1 {[%clk 0:02:03]} g5 {[%clk 0:02:14]} 14. Nxg5
{[%clk 0:01:59]} Neg6 {[%clk 0:02:09]} 15. Nf3 {[%clk 0:01:50]} fxe4
{[%clk 0:02:00]} 16. Nxe4 {[%clk 0:01:50]} Bg4 {[%clk 0:02:01]} 17. h3
{[%clk 0:01:42]} Nxh3+ {[%clk 0:01:53]} 18. gxh3 {[%clk 0:01:30]} Bxf3
{[%clk 0:01:53]} 19. Qb3 {[%clk 0:01:24]} Qh4 {[%clk 0:01:48]} 20. Bg5
{[%clk 0:01:19]} Qh5 {[%clk 0:01:42]} 21. Re3 {[%clk 0:01:14]} Bxe4
{[%clk 0:01:42]} 22. Rxe4 {[%clk 0:01:01]} Qxg5+ {[%clk 0:01:43]} 23. Rg4
{[%clk 0:01:02]} Qf5 {[%clk 0:01:41]} 24. Qg3 {[%clk 0:00:58]} Rf7
{[%clk 0:01:37]} 25. Bd3 {[%clk 0:00:59]} Qf3 {[%clk 0:01:35]} 26. Bxg6
{[%clk 0:00:58]} Qxg3+ {[%clk 0:01:34]} 27. Rxg3 {[%clk 0:00:58]} hxg6
{[%clk 0:01:35]} 28. Rxg6 {[%clk 0:00:59]} Raf8 {[%clk 0:01:36]} 29. Rg2
{[%clk 0:00:59]} Kh7 {[%clk 0:01:35]} 30. Re1 {[%clk 0:00:59]} Rf4
{[%clk 0:01:34]} 31. Rc1 {[%clk 0:00:56]} e4 {[%clk 0:01:30]} 32. c5
{[%clk 0:00:49]} dxc5 {[%clk 0:01:26]} 33. Rxc5 {[%clk 0:00:47]} R8f7
{[%clk 0:01:24]} 34. a3 {[%clk 0:00:28]} e3 {[%clk 0:01:18]} 35. fxe3
{[%clk 0:00:29]} Rf1+ {[%clk 0:01:19]} 36. Kh2 {[%clk 0:00:30]} Be5+
{[%clk 0:01:21]} 37. Rg3 {[%clk 0:00:30]} R7f2# {[%clk 0:01:21]} 0-1